Butler v Derby City Council (Record no. 77288)
[ view plain ]
| 000 -LEADER | |
|---|---|
| fixed length control field | 02229cab a2200253 4500 |
| 001 - CONTROL NUMBER | |
| control field | ##L133962 |
| 008 - FIXED-LENGTH DATA ELEMENTS--GENERAL INFORMATION | |
| fixed length control field | 060626n2006 000 0 eng u |
| 035 ## - SYSTEM CONTROL NUMBER | |
| System control number | (Sirsi) u133962 |
| 041 0# - LANGUAGE CODE | |
| Language code of text/sound track or separate title | eng |
| 245 00 - TITLE STATEMENT | |
| Title | Butler v Derby City Council |
| 260 ## - PUBLICATION, DISTRIBUTION, ETC. | |
| Date of publication, distribution, etc. | 2006 |
| 520 ## - SUMMARY, ETC. | |
| Summary, etc. | [2005] EWHC 2835 (Admin), 22 November 2005. Concerns the interpretation of the word advertisement for the purposes of the Town and Country Planning Act 1990 and the Country Planning Act (Control of Advertisements) Regulations 1992. Appeal by B by way of case stated against his breaches of planning control. D claimed that B had displayed an advertising banner on property without D's consent. The banner presented the logo and contact details of a group opposed to a land development proposed by D. The judge held that the contact details constituted a direction and the banner was an advertisement. As B had not applied for consent to display his rights under Art 10 of the European Convention on Human Rights were not engaged. "Held": appeal dismissed. The banner constituted an advertisement. The word advertisement was to be given a very broad meaning for the purposes of the Act and the Regulations. The words advertisement, announcement and direction were not mutually exclusive and an announcement could be a direction or an advertisement and vice versa. The commencement of the criminal proceedings did not engage B's rights to freedom of expression. |
| 650 24 - SUBJECT ADDED ENTRY--TOPICAL TERM | |
| Topical term or geographic name entry element | BUTLER V DERBY CITY COUNCIL |
| 650 24 - SUBJECT ADDED ENTRY--TOPICAL TERM | |
| Topical term or geographic name entry element | COUNTRY PLANNING ACT (CONTROL OF ADVERTISEMENTS) REGULATIONS 1992 |
| 650 24 - SUBJECT ADDED ENTRY--TOPICAL TERM | |
| Topical term or geographic name entry element | WESTMINSTER LBC V HAW |
| 650 24 - SUBJECT ADDED ENTRY--TOPICAL TERM | |
| Topical term or geographic name entry element | TOWN AND COUNTRY PLANNING (CONTROL OF ADVERTISEMENTS) REGULATIONS 1992 REG 5 |
| 650 24 - SUBJECT ADDED ENTRY--TOPICAL TERM | |
| Topical term or geographic name entry element | TOWN AND COUNTRY PLANNING (CONTROL OF ADVERTISEMENTS) REGULATIONS 1992 REG 27 |
| 650 24 - SUBJECT ADDED ENTRY--TOPICAL TERM | |
| Topical term or geographic name entry element | TOWN AND COUNTRY PLANNING ACT 1990 S224 |
| 650 24 - SUBJECT ADDED ENTRY--TOPICAL TERM | |
| Topical term or geographic name entry element | CONVENTION FOR THE PROTECTION OF HUMAN RIGHTS AND FUNDAMENTAL FREEDOMS ART 10 |
| 651 #4 - SUBJECT ADDED ENTRY--GEOGRAPHIC NAME | |
| Geographic name | England and Wales |
| Chronological subdivision | 1543- |
| 690 ## - LOCAL SUBJECT ADDED ENTRY--TOPICAL TERM (OCLC, RLIN) | |
| Topical term or geographic name as entry element | ENVIRONMENTAL AND LAND CONSULTANCY-PLANNING AND DEVELOPMENT-DEVELOPMENT CONTROL-PLANNING ENFORCEMENT |
| 856 40 - ELECTRONIC LOCATION AND ACCESS | |
| Uniform Resource Identifier | <a href="https://www.bailii.org/ew/cases/EWHC/Admin/2005/2835.html">https://www.bailii.org/ew/cases/EWHC/Admin/2005/2835.html</a> |
| Public note | View the judgment free of charge at www.bailii.org... |
| 942 ## - ADDED ENTRY ELEMENTS (KOHA) | |
| Suppress in OPAC | 0 |
| Withdrawn status | Lost status | Source of classification or shelving scheme | Damaged status | Not for loan | Home library | Current library | Shelving location | Date acquired | Total Checkouts | Full call number | Barcode | Date last seen | Copy number | Price effective from | Koha item type |
|---|---|---|---|---|---|---|---|---|---|---|---|---|---|---|---|
| Dewey Decimal Classification | Virtual | Virtual | Online | 26/06/2006 | ONLINE PUBLICATION | 133962-2001 | 06/08/2019 | 1 | 06/08/2019 | Law report |